000 00718nam a2200265Ia 4500
005 20260121173036.0
008 008 260114s9999 xx 000 0 eng d
020 _a9783030867492
037 _aEBOOK
040 _aCRL
040 _beng
040 _cCRL
041 _2eng
041 _aeng
084 _qCRL
100 _aFadi Al-Turjman, Satya Prakash Yadav, Manoj Kumar, Vibhash Yadav, Thompson Stephan
_91095908
245 0 _aTransforming Management with AI, Big-Data, and IoT
260 _bSpringer
260 _bSpringer
260 _c2022
856 _uhttps://link.springer.com/openurl?genre=book&isbn=978-3-030-86749-2
942 _cEBOOK
999 _c1661651
_d1661651